000 00529nam a22001817a 4500
005 20251108164127.0
008 250721s1990 xx 000 0 ara d
082 1 4 _a413.3/فار
100 1 _aالفارابي، أبو نصر
245 1 0 _aكتاب الواحد و الوحدة /
264 1 _aالدار البيضاء :
_bدار توبقال،
_c1990.
300 _a103ص
650 1 7 _aعلم المعاجم
650 1 7 _aالمعاني
700 1 _aمهدي، محسن
_eتحقيق
942 _2ddc
_cBK
999 _c4313
_d4313